Computer-aided translation technology: a practical introduction

Guardado en:
Detalles Bibliográficos
Autor principal: Bowker, Lynne (Autor)
Formato: Libro
Lenguaje:inglés
Publicado: Ottawa University of Ottawa 2002
Colección:Didactics of Translation Series
Materias:
Etiquetas: Agregar Etiqueta
Sin Etiquetas, Sea el primero en etiquetar este registro!

MARC

LEADER 00000cam a2200000 a 4500
001 UCL9960
003 CL-VaPUC
008 040903e20020000CN |||||||||||||||||eng|d
020 |a 0776605380 
082 0 4 |a 418.02  |b BOW  |2 21 
100 0 |a Bowker, Lynne  |e author  |9 487911 
245 1 0 |a Computer-aided translation technology: a practical introduction 
300 |a 185 p 
942 |c BK 
945 |d 20040903 00:00:00  |a cmena 
260 |a Ottawa  |b University of Ottawa  |c 2002 
650 0 |a Traducción e interpretación  |9 315998 
650 0 |a Análisis del discurso  |9 256696 
650 0 |a Lingüística aplicada   |9 313266 
650 0 |a Aplicaciones de computadores  |9 260401 
583 |a last modification  |c 20170609 03:38:15  |k Rodrigo Vera 
490 0 |a Didactics of Translation Series 
999 |c 310575  |d 310573 
952 |0 0  |1 0  |4 0  |6 418_020000000000000_BOW_2002  |7 0  |8 A  |9 379189  |a BIBEDU  |b BIBEDU  |d 2019-11-21  |i 4059506  |o 418.02 BOW 2002  |p 4059506  |r 2019-11-21  |w 2019-11-21  |y BK  |k CIT 
952 |0 0  |1 0  |4 0  |6 418_020000000000000_BOW_2002  |7 0  |8 A  |9 379190  |a BIBEDU  |b BIBEDU  |d 2019-11-21  |i 4059514  |o 418.02 BOW 2002  |p 4059514  |r 2019-11-21  |w 2019-11-21  |y BK  |k CIT 
952 |0 0  |1 0  |3 erb  |4 0  |6 418_020000000000000_BOW_2002  |7 0  |8 A  |9 379191  |a BIBEDU  |b BIBEDU  |i 539533K  |l 1  |o 418.02 BOW 2002  |p 539533K  |r 2024-09-09  |s 2024-09-02  |w 2019-11-21  |y BK  |z Catalogado en:20170609  |k CIT